Religion Quiz

Random Religion Quiz

Judging others from God's word (NIV) Quiz Stats

 Plays Quiz not verified by Sporcle

Score 0/300 Timer 10:00
0 Plays Today
Hint Answer % Correct
the
100%
the
100%
a
100%
Matthew 7:18A
100%
and
100%
a
100%
Matthew 12:35The
100%
the
100%
and
100%
the
100%
the
100%
and
100%
and
100%
and
100%
the
100%
and
100%
the
100%
a
100%
Romans 14:3The
100%
and
100%
the
100%
the
100%
a
100%
the
100%
the
100%
and
100%
the
100%
the
100%
the
100%
And
100%
the
100%
the
100%
you
73.3%
to
73.3%
of
73.3%
in
73.3%
you
73.3%
of
73.3%
in
73.3%
of
73.3%
in
73.3%
not
73.3%
you
73.3%
not
73.3%
be
73.3%
not
73.3%
you
73.3%
not
73.3%
be
73.3%
you
73.3%
be
73.3%
you
73.3%
of
73.3%
in
73.3%
no
73.3%
to
73.3%
in
73.3%
Luke 6:43No
73.3%
not
73.3%
not
73.3%
not
73.3%
not
73.3%
not
73.3%
to
73.3%
in
73.3%
to
73.3%
in
73.3%
of
73.3%
that
73.3%
you
73.3%
not
73.3%
that
73.3%
if
73.3%
you
73.3%
to
73.3%
you
73.3%
not
73.3%
to
73.3%
you
73.3%
not
73.3%
that
73.3%
of
73.3%
if
73.3%
you
73.3%
of
73.3%
in the
73.3%
say
66.7%
your
66.7%
your
66.7%
is
66.7%
your
66.7%
will
66.7%
will
66.7%
will
66.7%
will
66.7%
your
66.7%
your
66.7%
on
66.7%
for
66.7%
on
66.7%
Hint Answer % Correct
your
66.7%
your
66.7%
will
66.7%
is
66.7%
will
66.7%
will
66.7%
will
66.7%
will
66.7%
can
60%
eye
60%
when
60%
own
60%
eye?
60%
them
60%
man
60%
him
60%
man
60%
him
60%
Luke 6:37Do
60%
judge
60%
judged
60%
Do
60%
do
60%
eye
60%
own
60%
eye?
60%
does
60%
man
60%
who
60%
him
60%
who
60%
does
60%
man
60%
who
60%
does
60%
man
60%
who
60%
does
60%
God
60%
him
60%
judge
60%
He
60%
from
60%
God
60%
1 Corinthians 6:2Do
60%
know
60%
judge
60%
are
60%
judge
60%
are
60%
judge
60%
1 Corinthians 6:3Do
60%
know
60%
we
60%
judge
60%
Matthew 7:4How
53.3%
Let
53.3%
me
53.3%
take
53.3%
speck
53.3%
out
53.3%
there
53.3%
their
53.3%
good
53.3%
bad
53.3%
bad
53.3%
good
53.3%
good
53.3%
good
53.3%
out
53.3%
good
53.3%
out
53.3%
Luke 6:41Why
53.3%
speck
53.3%
good
53.3%
bad
53.3%
nor
53.3%
bad
53.3%
good
53.3%
let
53.3%
or
53.3%
bring
53.3%
his
53.3%
world?
53.3%
world
53.3%
How
53.3%
men
53.3%
brother
46.7%
all
46.7%
Matthew 7:16aBy
46.7%
fruit
46.7%
tree
46.7%
bear
46.7%
fruit
46.7%
tree
46.7%
bear
46.7%
fruit
46.7%
brings
46.7%
things
46.7%
up
46.7%
Hint Answer % Correct
evil
46.7%
brings
46.7%
evil
46.7%
things
46.7%
evil
46.7%
up
46.7%
at
46.7%
tree
46.7%
bears
46.7%
fruit
46.7%
tree
46.7%
bear
46.7%
fruit
46.7%
judgment
46.7%
one
46.7%
up
46.7%
what
46.7%
At
46.7%
angels?
46.7%
things
46.7%
have
46.7%
time
40%
plank
40%
recognize
40%
cannot
40%
cannot
40%
stored
40%
stored
40%
condemn
40%
condemned
40%
look
40%
brother's
40%
plank
40%
eats
40%
look
40%
down
40%
eat
40%
condemn
40%
brother's
40%
before
40%
time
40%
Lord
40%
time
40%
sawdust
33.3%
pay
33.3%
attention
33.3%
everything
33.3%
must
33.3%
everything
33.3%
must
33.3%
has
33.3%
us
33.3%
make
33.3%
mind
33.3%
obstacle
33.3%
hearts
33.3%
competent
33.3%
cases?
33.3%
Forgive
26.7%
forgiven
26.7%
Romans 14:13Therefore
26.7%
passing
26.7%
another
26.7%
stumbling
26.7%
block
26.7%
way
26.7%
1 Corinthians 4:5Therefore
26.7%
appointed
26.7%
wait
26.7%
till
26.7%
comes
26.7%
light
26.7%
men's
26.7%
trivial
26.7%
1 Corinthians 6:4Therefore
26.7%
about
26.7%
appoint
26.7%
church
26.7%
accepted
20%
stop
20%
put
20%
nothing
20%
hidden
20%
expose
20%
motives
20%
saints
20%
this
20%
life
20%
such
20%
matters
20%
little
20%
Instead
13.3%
darkness
13.3%
each
13.3%
receive
13.3%
praise
13.3%
much
13.3%
more
13.3%
disputes
6.7%
account
6.7%

You're not logged in!

Compare scores with friends on all Sporcle quizzes.
OR
Log In

Show Comments

Extras

Created Apr 24, 2016ReportNominate
Tags:god, niv

Top Quizzes Today


Score Distribution

Your Account Isn't Verified!

In order to create a playlist on Sporcle, you need to verify the email address you used during registration. Go to your Sporcle Settings to finish the process.

Report this User

Report this user for behavior that violates our Community Guidelines.

Details: